| 000 | 02705 a2200277 4500 | ||
|---|---|---|---|
| 003 | NALT | ||
| 005 | 20250718094735.0 | ||
| 008 | 250612b th ||||| |||| 00| 0 tha d | ||
| 020 | _a9786162627873 | ||
| 040 | _aNALT | ||
| 050 |
_aTR 899 _bอ568ต 2566 |
||
| 100 | 0 |
_aอัมรินทร์ เพ็ชรกุล. _932474 |
|
| 245 | 1 | 0 |
_aตัดต่อวิดีโอและไลฟ์สดบนยูทูบและโซเซียล KineMaster+OBS Studio+Canva / _cอัมรินทร์ เพ็ชรกุล. |
| 250 | _aพิมพ์ครั้งที่ 1. | ||
| 260 |
_aกรุงเทพฯ : _bรีไวว่า, _c2566. |
||
| 300 |
_a244 หน้า : _bภาพประกอบ ; _c21 ซม. |
||
| 505 | 2 | _aChapter 01 เริ่มต้นกับ KineMaster -- Chapter 02 เริ่มต้นสร้างงานวิดีโอด้วย KineMaster -- Chapter 03 ตัดต่อและปรับแต่งคลิปวิดีโอ -- Chapter 04 ใส่เทคนิคการเปลี่ยนฉากในงานวิดีโอ -- Chapter 05 ใส่ฟิลเตอร์และเทคนิคภาพให้งานวิดีโอ -- Chapter 06 การซ้อนเลเยอร์แบบต่าง ๆ ลงบนงานวิดีโอ -- Chapter 07 เพิ่มลูกเล่นบนงานวิดีโอด้วยโอเวอร์เลย์ -- Chapter 08 เพิ่มข้อความลงบนงานวิดีโอ -- Chapter 09 การตัดต่อคลิปเสียง -- Chapter 10 การแปลงวิดีโอที่ตัดต่อเสร็จไปใช้งาน -- Chapter 11 เริ่มต้นกับ OBS Studio -- Chapter 12 เตรียมคอนเทนต์ให้พร้อมด้วย OBS Studio -- Chapter 13 Live ผ่าน Facebook ด้วย OBS Studio -- Chapter 14 Live ผ่าน Youtube ด้วย OBS Studio -- Chapter 15 สร้างหน้าปก Youtube ด้วย Canva. | |
| 650 | 4 |
_aการสร้างภาพเคลื่อนไหวด้วยคอมพิวเตอร์ _910213 |
|
| 650 | 4 |
_aวีดิทัศน์ _xการตัดต่อ _97396 |
|
| 650 | 4 |
_aภาพยนตร์ _xการตัดต่อ _97388 |
|
| 942 |
_cGB _2lcc |
||
| 996 |
_ajidapa.t _bACQSTF _c2025-06-12 |
||
| 996 |
_avaree.k _bLIBSTF _c2025-06-25 |
||
| 996 |
_ajamriang.p _bCATSTF _c2025-07-09 |
||
| 999 |
_c106831 _d106831 |
||
| 998 |
_j8 _k นายบัณฑิต อุทาวงค์ |
||